Automarken-Quiz #1 - Statistiken

Allgemein
  • Dieses Quiz wurde 206 mal gespielt
  • Das Durchschnittsergebnis liegt bei 8 aus 21
Antwortstatistiken
Modell Marke % Korrekt
911 Carrera Porsche
92%
Beetle Volkswagen
86%
Corvette Chevrolet
72%
Veyron Bugatti
67%
Corolla Toyota
67%
Viper Dodge
64%
Accord Honda
50%
Sportage Kia
45%
Cherokee Jeep
43%
Escalade Cadillac
37%
Crown Victoria Ford
31%
Maxima Nissan
22%
Galant Mitsubishi
19%
Elantra Hyundai
14%
Outback Subaru
14%
Navigator Lincoln
11%
Grand Am Pontiac
10%
LeSabre Buick
7%
Gremlin AMC
5%
Cutlass Oldsmobile
5%
Ion Saturn
1%
Keine übereinstimmenden Quizze gefunden
Verteilung der Resultate
Anzahl Personen mit jedem Resultat
Perzentil nach korrekt beantworteten Fragen
Ihre Resultats-Entwicklung
Sie haben dieses Quiz noch nicht gespielt